| 000 | 01285cam a2200325 4500 | ||
|---|---|---|---|
| 999 |
_c528376 _d528376 |
||
| 001 | 3605279 | ||
| 003 | NUST | ||
| 005 | 20190911054412.0 | ||
| 008 | 730425s1972 dcua bs f000 0 eng | ||
| 010 | _a 72009480 | ||
| 020 | _a0309020182 | ||
| 038 | _aMSOHAIL | ||
| 040 |
_aDLC _cDLC _dDLC |
||
| 050 | 0 | 0 |
_aTE7 _b.N25 no. 133 _aHE336.E3 |
| 082 | 0 | 0 |
_a625.708 _a388.11 _bAND |
| 100 | 1 |
_aCurry, David A. _920153 |
|
| 245 | 1 | 0 |
_aProcedures for estimating highway user costs, air pollution, and noise effects _c[by] David A. Curry and Dudley G. Anderson. |
| 260 |
_a[Washington] _bHighway Research Board, National Research Council, _c1972. |
||
| 300 |
_a127 p. _billus. _c28 cm. |
||
| 350 | _a$5.60 | ||
| 490 | 1 |
_aNational Cooperative Highway Research Program. Report ; _v133 |
|
| 500 | _a"NCHRP project 7-8." | ||
| 500 | _a"Research sponsored by the American Association of State Highway Officials in cooperation with the Federal Highway Administration." | ||
| 504 | _aIncludes bibliographical references. | ||
| 650 | 0 |
_aRoads _xEconomic aspects. _920147 |
|
| 700 | 1 |
_aAnderson, Dudley G., _ejoint author. _920154 |
|
| 830 | 0 |
_aReport (National Cooperative Highway Research Program) ; _v133. _920155 |
|
| 906 |
_a7 _bcbc _corignew _d2 _eocip _f19 _gy-gencatlg |
||
| 942 |
_2ddc _cBK |
||